O Expresso de Von Ryan (Record no. 46304)
[ view plain ]
| 000 -Etiqueta do registo | |
|---|---|
| Valores | 00632nam a22002291i 4500 |
| 100 ## - Dados gerais de processamento | |
| Dados gerais | 20020702d1965 m y0pory5003 ba |
| 101 1# - Língua de publicação | |
| Língua | por |
| 102 ## - País de publicação | |
| País | PT |
| 200 1# - Titulo e menção de responsabilidade | |
| Título próprio | O Expresso de Von Ryan |
| Informação de outro título | romance |
| Primeira menção de responsabilidade | David Westheimer |
| Outras menções de responsabilidade | trad. de Irene Fernanda |
| 210 #9 - Publicação | |
| Local de publicação | Lisboa |
| Nome do editor | Portugália Editora, |
| Data de publicação | 1965 |
| 215 ## - Descrição física | |
| Paginação / Volumes | 322, [2] p. |
| Outras indicações físicas | il. |
| Dimensões | 22 cm |
| 225 2# - Colecção | |
| Título próprio da colecção | Cinema |
| Indicação de volume | 4 |
| 300 ## - Notas gerais | |
| Texto da nota | Tiragem 4100 ex. |
| 304 ## - Nota relativa ao título | |
| Texto de nota | Tít. orig. Von Ryan's express |
| 675 ## - CDU | |
| Notação | 821.111(73)-31 |
| 700 #1 - Autor principal | |
| Apelido | Westheimer, |
| Nome | David |
| 702 #1 - Autor secundário | |
| Apelido | Fernanda, |
| Nome | Irene |
| Função | 730 |
| 801 #0 - Fonte de origem | |
| País | PT |
| Agência | BN |
| Regras de catalogação | RPC |
| 801 #1 - Fonte de origem | |
| País | FR |
| Agência | JOUVE |
| Regras de catalogação | RPC |
| 990 ## - Elementos KOHA | |
| Tipo de documento | Livro |
| Aquisição | Empréstimo | Código de barras | Cota | Permissão de empréstimo | Tipo de documento | Nota relativa ao exemplar |
|---|---|---|---|---|---|---|
| Biblioteca Municipal de Redondo | Biblioteca Municipal de Redondo | 057419 | 821.111(73)-3 WES | Livro | oferta de Franklim Amaro Cabreirinha |